000 00722nam a22001937a 4500
999 _c11016
_d11016
003 AR-CdUCM
008 190402b ||||| |||| 00| 0 spa d
040 _aMUNICIPALIDAD PROVINCIAL DEL CUSCO
_cBIBLIOTECA MUNICIPAL DEL CUSCO
082 _a375.12 /
_bM685 / 1945
100 _aMiñano García, Max H
_928124
245 _aLa educación rural en México /
260 _aMéxico, D.F :
_bDe la Secretaría de Educación Pública,
_c1945.
300 _a425 páginas ;
_c23 cm.
505 _aContenido: Organización y funcionamiento de las escuelas normales rurales de México -- Teneria. Ayotzinapa. Palmira ...
650 _aEducación Mexicana
_928125
650 _aMéxico
_918
942 _2ddc
_cLIBROS
945 _acmm